[Event "Bruges Masters op"]
[Site "Bruges"]
[Date "2016.08.17"]
[Round "8"]
[White "Epishin, Vladimir"]
[Black "Luminet, Denis"]
[Result "1-0"]
[WhiteElo "2557"]
[BlackElo "2195"]
[PlyCount "99"]
[EventDate "2016.08.14"]
[EventType "swiss"]
[EventRounds "9"]
[EventCountry "BEL"]
[SourceTitle "CBM 173 Extra"]
[Source "ChessBase"]
[SourceDate "2016.08.29"]
[SourceVersion "1"]
[SourceVersionDate "2016.08.29"]
[SourceQuality "1"]

1. d4 e6 2. c4 Nf6 3. Nf3 b6 4. Bf4 Bb7 5. e3 Be7 6. Nc3 Nh5 7. Bd3 Nxf4 8. exf4 0-0 9. Qe2 Bb4 10. 0-0 Bxc3 11. bxc3 Qf6 12. Ng5 g6 13. g3 Nc6 14. h4 h5 15. Rfe1 Ne7 16. Rad1 Nf5 17. Be4 Bxe4 18. Nxe4 Qe7 19. Qd3 d5 20. cxd5 exd5 21. Ng5 Qd7 22. Nf3 Rfe8 23. Ne5 Qd6 24. Re2 c6 25. c4 Rad8 26. Rc2 Re6 27. c5 Qc7 28. a4 bxc5 29. Rxc5 Rdd6 30. a5 Kg7 31. a6 Qc8 32. Rb1 Re7 33. Rc3 f6 34. Nf3 Rc7 35. Rcb3 Kh6 36. Rb8 Qe6 37. Re1 Qf7 38. Qa3 Re7 39. Rxe7 Qxe7 40. Qb4 Rd7 41. Rh8+ Kg7 42. Qb8 Nh6 43. Kf1 Qd6 44. Qa8 Qb4 45. Kg2 Rf7 46. Ng5 fxg5 47. hxg5 Qxd4 48. gxh6+ Kf6 49. Qxc6+ Kf5 50. Re8 1-0

[Event "Geraardsbergen op"]
[Site "Geraardsbergen"]
[Date "2013.08.12"]
[Round "6"]
[White "De Schampheleire, Glen"]
[Black "Luminet, Denis"]
[Result "1/2-1/2"]
[WhiteElo "2313"]
[BlackElo "2175"]
[PlyCount "30"]
[EventDate "2013.08.10"]
[EventType "swiss"]
[EventRounds "9"]
[EventCountry "BEL"]
[SourceTitle "CBM 155 Extra"]
[Source "ChessBase"]
[SourceDate "2013.08.26"]
[SourceVersion "1"]
[SourceVersionDate "2013.08.26"]
[SourceQuality "1"]

1. d4 e6 2. c4 Nf6 3. g3 d5 4. Bg2 Nbd7 5. Nf3 dxc4 6. 0-0 c6 7. a4 b5 8. b3 Bb7 9. bxc4 bxc4 10. Na3 c5 11. Nxc4 Be7 12. Bd2 Bd5 13. Ba5 Qc8 14. Ne3 Be4 15. Rc1 Qa6 1/2-1/2

[Event "Geraardsbergen op 28th"]
[Site "Geraardsbergen"]
[Date "2012.08.12"]
[Round "4"]
[White "Luminet, Denis"]
[Black "Sneppe, Herman"]
[Result "1-0"]
[WhiteElo "2200"]
[BlackElo "1956"]
[PlyCount "35"]
[EventDate "2012.08.11"]
[EventType "swiss"]
[EventRounds "9"]
[EventCountry "BEL"]
[SourceTitle "EXT 2013"]
[Source "ChessBase"]
[SourceDate "2012.11.22"]
[SourceVersion "1"]
[SourceVersionDate "2012.11.22"]
[SourceQuality "1"]

1. c4 Nf6 2. Nc3 c5 3. Nf3 d5 4. cxd5 Nxd5 5. e3 e6 6. d4 Nc6 7. Bd3 cxd4 8. exd4 Be7 9. 0-0 0-0 10. Re1 Nf6 11. a3 a6 12. Bc2 b5 13. Qd3 Bb7 14. d5 exd5 15. Bg5 g6 16. Rxe7 Nxe7 17. Bxf6 Qc7 18. Qe3 1-0

[Event "BEL-ch op"]
[Site "Namur"]
[Date "2006.07.08"]
[Round "8"]
[White "Steen, Pieter"]
[Black "Luminet, Denis"]
[Result "1/2-1/2"]
[WhiteElo "2178"]
[BlackElo "2219"]
[PlyCount "49"]
[EventDate "2006.07.01"]
[EventType "swiss"]
[EventRounds "9"]
[EventCountry "BEL"]
[SourceTitle "CBM 113 Extra"]
[Source "ChessBase"]
[SourceDate "2006.09.14"]
[SourceVersion "1"]
[SourceVersionDate "2006.09.14"]
[SourceQuality "1"]

1. d4 e6 2. c4 Nf6 3. Nf3 c5 4. d5 exd5 5. cxd5 g6 6. Nc3 Bg7 7. e4 0-0 8. Bd3 d6 9. h3 b5 10. Nxb5 Nxe4 11. Bxe4 Re8 12. Ng5 Qb6 13. a4 h6 14. 0-0 hxg5 15. Bd3 Na6 16. Bxg5 Nb4 17. a5 Qb8 18. Bc4 Bxb2 19. Re1 Bd7 20. Rxe8+ Bxe8 21. Rb1 Bg7 22. Qe2 a6 23. Na3 Bd7 24. Bf4 Qc7 25. Rb3 1/2-1/2

[Event "BEL-chT 0001"]
[Site "Belgium"]
[Date "2001.02.04"]
[Round "8"]
[White "Luminet, Denis"]
[Black "Van Laatum, Gozewijn"]
[Result "1/2-1/2"]
[WhiteElo "2280"]
[BlackElo "2329"]
[PlyCount "37"]
[EventDate "2000.11.18"]
[EventType "team"]
[EventRounds "13"]
[EventCountry "BEL"]
[SourceTitle "CBM 081 Extra"]
[Source "ChessBase"]
[SourceDate "2001.05.06"]
[SourceVersion "1"]
[SourceVersionDate "2001.05.06"]
[SourceQuality "1"]

1. d4 Nf6 2. c4 g6 3. Nc3 Bg7 4. e4 d6 5. Nf3 0-0 6. Be3 e5 7. Be2 Nbd7 8. 0-0 h6 9. dxe5 dxe5 10. Nd2 Nh7 11. c5 Ng5 12. b4 Ne6 13. Nb3 c6 14. Qd2 h5 15. Rfd1 Re8 16. Rac1 Qe7 17. Bc4 Nf6 18. Ne2 Nh7 19. b5 1/2-1/2

[Event "BEL-chT 0001"]
[Site "Belgium"]
[Date "2001.01.21"]
[Round "7"]
[White "Henris, Luc"]
[Black "Luminet, Denis"]
[Result "1/2-1/2"]
[WhiteElo "2262"]
[BlackElo "2280"]
[PlyCount "115"]
[EventDate "2000.11.18"]
[EventType "team"]
[EventRounds "13"]
[EventCountry "BEL"]
[SourceTitle "CBM 081 Extra"]
[Source "ChessBase"]
[SourceDate "2001.05.06"]
[SourceVersion "1"]
[SourceVersionDate "2001.05.06"]
[SourceQuality "1"]

1. e4 c5 2. c3 d5 3. exd5 Qxd5 4. d4 e6 5. Nf3 Nf6 6. Na3 a6 7. Nc4 Nbd7 8. Bg5 cxd4 9. Bxf6 gxf6 10. Qxd4 Qxd4 11. Nxd4 Bc5 12. Nb3 b5 13. Nxc5 Nxc5 14. Nb6 Rb8 15. Nxc8 Rxc8 16. Be2 Ke7 17. 0-0-0 f5 18. Rd4 Rcd8 19. Rhd1 Rxd4 20. Rxd4 Ne4 21. f3 Nc5 22. Kc2 Rg8 23. g3 Rd8 24. Rxd8 Kxd8 25. b4 Nb7 26. c4 Nd6 27. c5 Ne8 28. f4 Nc7 29. Bf3 Kd7 30. Kc3 f6 31. Kd4 Ne8 32. Bb7 Nc7 33. a3 Ke7 34. Bc6 Kd8 35. Ke3 Ke7 36. Kf3 Kf7 37. Bb7 Kg6 38. h3 Kg7 39. g4 fxg4+ 40. hxg4 h6 41. Bc8 Kf8 42. Kg3 Kg7 43. Kh4 Kh7 44. Kg3 Kg7 45. Kh3 Kg8 46. Kh4 Kh7 47. Bb7 Kg6 48. Be4+ Kg7 49. Kh5 Ne8 50. f5 e5 51. Bd5 Nc7 52. Bb7 Kh7 53. Kh4 Kg7 54. Kg3 Kf8 55. Kf3 Ke7 56. Bc6 Kd8 57. Ke4 Ke7 58. Ke3 1/2-1/2

[Event "Ghent op 23rd"]
[Site "Ghent"]
[Date "2000.07.??"]
[Round "?"]
[White "Cekro, Ekrem"]
[Black "Luminet, Denis"]
[Result "1-0"]
[WhiteElo "2390"]
[BlackElo "2280"]
[PlyCount "96"]
[EventDate "2000.07.15"]
[EventType "swiss"]
[EventRounds "9"]
[EventCountry "BEL"]
[SourceTitle "EXT 2001"]
[Source "ChessBase"]
[SourceDate "2000.11.22"]
[SourceVersion "1"]
[SourceVersionDate "2000.11.22"]
[SourceQuality "1"]

1. c4 c6 2. b3 d5 3. Bb2 Bg4 4. g3 e6 5. Bg2 Nd7 6. Qc2 Ngf6 7. d3 Bd6 8. Nd2 0-0 9. Ngf3 Qe7 10. a3 a5 11. 0-0 Rfe8 12. Rfe1 h6 13. e4 dxe4 14. Nxe4 Nxe4 15. Rxe4 Bf5 16. Re3 Qf8 17. Qe2 Bg4 18. d4 Rad8 19. Qe1 Bxf3 20. Bxf3 Ra8 21. Qe2 Rad8 22. c5 Bc7 23. b4 axb4 24. axb4 Ra8 25. Rxa8 Rxa8 26. b5 Ra2 27. bxc6 bxc6 28. Bxc6 Qb8 29. Bb5 Nf6 30. Rb3 Qd8 31. Bc4 Ra8 32. Qf3 Rb8 33. Rxb8 Qxb8 34. Qb3 Qa8 35. Be2 Qb8 36. Qa3 Qd8 37. Bf3 Qb8 38. Kg2 Qd8 39. Bc3 Qb8 40. Qa6 Qd8 41. Qc6 Kf8 42. Bb2 Kg8 43. Bc1 Kf8 44. Qb7 Qb8 45. c6 Qd8 46. Kg1 Ne8 47. Ba3+ Kg8 48. Bc5 Nd6 1-0

[Event "BEL-chT 9900"]
[Site "Antwerp"]
[Date "1999.12.??"]
[Round "6"]
[White "Luminet, Denis"]
[Black "Goormachtigh, Johan"]
[Result "0-1"]
[WhiteElo "2279"]
[BlackElo "2291"]
[PlyCount "128"]
[EventDate "1999.10.08"]
[EventType "team"]
[EventRounds "11"]
[EventCountry "BEL"]
[SourceTitle "CBM 075 Extra"]
[Source "ChessBase"]
[SourceDate "2000.05.11"]
[SourceVersion "2"]
[SourceVersionDate "2000.05.11"]
[SourceQuality "1"]

1. e4 c5 2. Nc3 Nc6 3. Nf3 d6 4. d4 cxd4 5. Nxd4 Nf6 6. f4 e6 7. Be3 e5 8. Nf3 Ng4 9. Qd2 Nxe3 10. Qxe3 exf4 11. Qxf4 Be6 12. 0-0-0 Be7 13. Nd5 Bxd5 14. exd5 Ne5 15. Bb5+ Kf8 16. Rhf1 Nxf3 17. Qxf3 Bf6 18. c3 a6 19. Ba4 Rc8 20. Kb1 Rc7 21. g3 Be5 22. h4 Qf6 23. Qxf6 Bxf6 24. Rd3 h5 25. Rdf3 Be5 26. Bc2 Rh6 27. Bd3 g6 28. Kc2 Kg7 29. Be2 Rh8 30. a4 Re8 31. Bd3 f5 32. c4 b5 33. b3 bxa4 34. bxa4 Rb8 35. Rb1 Rxb1 36. Kxb1 Rb7+ 37. Ka2 Rb2+ 38. Ka3 a5 39. Re3 Rg2 40. c5 dxc5 41. Rxe5 Rxg3 42. Kb3 Rxd3+ 43. Kc4 Rd2 44. Kxc5 f4 45. d6 f3 46. Re3 f2 47. Rf3 g5 48. hxg5 h4 49. d7 Rxd7 50. Rxf2 Kg6 51. Rf6+ Kxg5 52. Ra6 Rf7 53. Kd4 Rf4+ 54. Ke3 Rxa4 55. Ra8 Ra3+ 56. Kf2 Kf4 57. Re8 Ra2+ 58. Kg1 a4 59. Re7 a3 60. Ra7 Kg3 61. Rg7+ Kh3 62. Ra7 Rg2+ 63. Kf1 a2 64. Ra3+ Kh2 0-1

[Event "BEL-chT 9900"]
[Site "Antwerp"]
[Date "1999.11.??"]
[Round "4"]
[White "Luminet, Denis"]
[Black "Tjiam, Dharma"]
[Result "1/2-1/2"]
[WhiteElo "2285"]
[BlackElo "2344"]
[PlyCount "33"]
[EventDate "1999.10.08"]
[EventType "team"]
[EventRounds "11"]
[EventCountry "BEL"]
[SourceTitle "CBM 073 Extra"]
[Source "ChessBase"]
[SourceDate "2000.01.11"]
[SourceVersion "1"]
[SourceVersionDate "2000.01.11"]
[SourceQuality "1"]

1. d4 Nf6 2. Nf3 e6 3. c4 Bb4+ 4. Nbd2 b6 5. a3 Bxd2+ 6. Qxd2 Bb7 7. e3 d6 8. Be2 Nbd7 9. 0-0 0-0 10. b4 Ne4 11. Qd3 f5 12. Bb2 Rf6 13. Rac1 Rh6 14. d5 e5 15. g3 Qf6 16. Nd2 Qg6 17. Nxe4 1/2-1/2